00576 2200229 4500001002100000005001500021035002000036007000300056008004100059020002000100082001300120084001900133100001900152245002400171250000600195260003600201300002900237650001200266650001700278856002900295990002200324INLIS00000000000728220250305073539 a0010-0325000007ta250305 0 ind  a978-623-7868316 a398.2095 a398.2095 RAH a0 aRAHMAN, Rian F1 aAku dan Linkunganku a- aJakarta :bLingkar Media,c2000 a24p. :bilus ;c19 cme- 4aTematik 4alingkunganku aPerpustakaan BPSIP JATIM a95/2025/BSIPJATIM